000 01024pam a2200289 a 4500
001 1107874
003 OSt
005 20160818151816.0
008 930817s1994 enka b 001 0 eng
010 _a 93033995
020 _a0750607483 :
_c$14.95
040 _aDLC
_cDLC
_dDLC
082 _aWB 460
_bL95p 1994
100 1 _aLow, John
_910632
245 1 0 _aPhysical principles explained /
_cJohn Low, Ann Reed.
260 _aOxford ;
_aBoston :
_bButterworth-Heinemann,
_c1994.
300 _a238 p. :
_bill. ;
_c24 cm.
440 0 _aPhysiotherapy practice explained
_92795
504 _aIncludes bibliographical references (p. 227-229) and index.
650 0 _aPhysics.
_9809
650 0 _aPhysical therapists.
_910793
650 0 _aMedical physics.
_910794
700 1 _aReed, Ann,
_910635
906 _a7
_bcbc
_corignew
_d1
_eocip
_f19
_gy-gencatlg
942 _2z
_cO_SHELF
999 _c5039
_d5039